Teoria pentadimensional do direito Pura e Prognosticada /

Detalles Bibliográficos
Autor principal: Alves, Hľio Gustavo
Formato: eBook
Lenguaje:portugués
Publicado: San Pablo: LTR, 2019
Materias:
Acceso en línea:Acceso restringido

MARC

LEADER 00000nam a22000007a 4500
005 20220408223937.0
007 cr|||| ||||
008 220408s2019 br |||||s|||| 00||0 por d
020 |a 978-85-301-0121-3 
035 |a 36049 
040 |a vLex 
090 |c 13143  |d 13143 
100 1 |a Alves, Hľio Gustavo 
245 1 0 |a Teoria pentadimensional do direito  |h [Recurso electrn̤ico] :  |b Pura e Prognosticada /  |c Hľio Gustavo Alves 
256 |a Servicio en ln̕ea 
260 |a San Pablo:  |b LTR,  |c 2019 
300 |a 1 recurso electrn̤ico 
500 |a A Teoria Pentadimensional – Pura e Prognosticada - vem doutrinar novo conceito de aplicaȯ̂ dos princp̕ios para que as normas sejam ajustadas s̉ noveis realidades sociais e s̉ relaė̳s sociais que ainda nô tenham sido reguladas por falha do direito positivo. É importante ressaltar que nô se trata de ativismo judicial, pelo contrr̀io, ao ler a nova teoria, nitidamente perceber ̀que havendo limitaȯ̂ da norma propriamente dita, o magistrado poder,̀ ̉luz dos princp̕ios, decidir hermeneuticamente, mas sempre limitado ̉uma norma posta, logo, nô estar ̀legislando, mas, sim, julgando com base nos princp̕ios. Neste sentido, as normas devem estar sempre ̉merc ̊dos princp̕ios e, uma vez, nô estando, a problemt̀ica poder ̀ser moldada pela decisô judicial para alcanȧr a premissa principiolg̤ica. Sem dv︢idas, ao ler a obra, sua visô jurd̕ica se projetar ̀a um modelo de sistema normativo mais equilibrado e isonm̥ico 
506 1 |a Disponible solo en los productos indicados  |d vLex Global  |d vLex Global (Academic Edition, excluding Law Schools)  |d vLex Global (U.S. Academic Edition, Law Schools)  |d vLex Global (U.S. Academic Edition, excluding Law Schools)  |d vLex Global (Academic Edition, Law Schools) 
650 0 4 |a Derecho Comunitario  |z Brasil 
650 0 4 |a Filosofa̕ y religin̤  |z Brasil 
740 0 |a vLex Libros (Servicio en ln̕ea) 
856 4 0 |u https://app.vlex.com/#/sources/36049  |z Acceso restringido 
942 |c BOOK 
999 0 |a Community Law 
999 0 |a Philosophy and religion